Guía de atención integrada a las enfermedades prevalentes de la infancia (Registro nro. 13364)

Detalles MARC
000 -CABECERA
Longitud fija campo de control 00944nam a22002417a 4500
003 - IDENTIFICADOR DELl NÚMERO DE CONTROL
Identificador del número de control OSt
005 - FECHA Y HORA DE LA ÚLTIMA TRANSACCIÓN
Fecha y hora de la última transacción 20140904162637.0
008 - CÓDIGOS DE INFORMACIÓN DE LONGITUD FIJA
Códigos de información de longitud fija 140828b2005 slv spa
040 ## - FUENTE DE LA CATALOGACIÓN
Centro transcriptor BMC
082 ## - NÚMERO DE LA CLASIFICACIÓN DECIMAL DEWEY
Númeroo de clasificación 613.0432
082 ## - NÚMERO DE LA CLASIFICACIÓN DECIMAL DEWEY
Númeroo de clasificación 618.9201
082 ## - NÚMERO DE LA CLASIFICACIÓN DECIMAL DEWEY
Númeroo de clasificación 618.92
110 1# - PUNTO DE ACCESO PRINCIPAL-NOMBRE DE ENTIDAD CORPORATIVA
9 (RLIN) 24635
Nombre de entidad corporativa o nombre de jurisdicción como elemento inicial El Salvador
Unidad subordinada Programa Nacional de Atención Integral en Salud a la Niñez
245 10 - MENCIÓN DE TÍTULO
Título Guía de atención integrada a las enfermedades prevalentes de la infancia
Mención de responsabilidad, etc. Ministerio de Salud Pública y Asistencia Social, Programa Nacional de Atención Integral en Salud a la Niñez
260 ## - PUBLICACIÓN, DISTRIBUCIÓN, ETC. (PIE DE IMPRENTA)
Lugar de publicación, distribución, etc. San Salvador
Nombre del editor, distribuidor, etc. AEIPI
Fecha de publicación, distribución, etc. 2005
300 ## - DESCRIPCIÓN FÍSICA
Extensión 1 folleto (38, [14] p.)
Otras características físicas il.
Dimensiones 21 x 28 cm
597 ## - NOTA SOBRE ÁREA Y DESCRIPCIÓN FÍSICA
Nota sobre el área de descripción físic Ejemp. es fotocopia enc. en tapa plástica con anillar
650 24 - PUNTO DE ACCESO ADICIONAL DE MATERIA - TÉRMINO DE MATERIA
9 (RLIN) 5460
Término de materia o nombre geográfico como elemento inicial Niños
Subdivisión de materia general Salud e higiene
650 24 - PUNTO DE ACCESO ADICIONAL DE MATERIA - TÉRMINO DE MATERIA
9 (RLIN) 23783
Término de materia o nombre geográfico como elemento inicial Neonatología
650 24 - PUNTO DE ACCESO ADICIONAL DE MATERIA - TÉRMINO DE MATERIA
9 (RLIN) 24027
Término de materia o nombre geográfico como elemento inicial Pediatría
710 1# - PUNTO DE ACCESO ADICIONAL - NOMBRE DE ENTIDAD
9 (RLIN) 24018
Nombre de entidad o nombre de jurisdicción como elemento inicial El Salvador
Unidad subordinada Ministerio de Salud Pública y Asistencia Social
942 ## - ENTRADA DE ELEMENTOS AGREGADOS (KOHA)
Fuente de clasificaión o esquema Dewey Decimal Classification
Koha [por defecto] tipo de item 1- Monografias
Existencias
Suprimido Perdido Fuente de clasificación o esquema Estropeado Restricciones de uso No para préstamo Código de colección Localización permanente Localización actual Localización en estanter&íacute;as Fecha adquisición Fuente de adquisición Número de inventario Préstamos totales Signatura completa Código de barras Fecha última consulta Fecha último préstamo Coste, precio reemplazado Fecha del precio de reemplazo Tipo de item de Koha
NULL NULL Dewey Decimal Classification NULL Prestable NULL NULL Biblioteca Miguel de Cervantes - UNICAES Biblioteca Miguel de Cervantes - UNICAES Sala Principal 01/09/2014 Donación - Facultad de Ciencias y Humanidades 021353 5 613.0432 ELS gui 1021711 24/07/2018 20/07/2018 3.00 01/09/2014 1- Monografias
NULL NULL Dewey Decimal Classification NULL Prestable NULL NULL Biblioteca Miguel de Cervantes - UNICAES Biblioteca Miguel de Cervantes - UNICAES Sala Principal 01/09/2014 Donación - Facultad de Ciencias y Humanidades 021354 5 613.0432 ELS gui 1021712 17/07/2018 17/07/2018 3.00 01/09/2014 1- Monografias